[Event "Tata Steel-A 77th"]
[Site "Wijk aan Zee"]
[Date "2015.01.11"]
[Round "2"]
[White "Van Wely, Loek"]
[Black "Wojtaszek, Radoslaw"]
[Result "1/2-1/2"]
[WhiteElo "2667"]
[BlackElo "2744"]
[Annotator "Sagar Shah"]
[PlyCount "160"]
[EventDate "2015.01.10"]
[EventType "tourn"]
[EventRounds "13"]
[EventCountry "NED"]
[EventCategory "20"]
[SourceTitle "CBM 165"]
[Source "ChessBase"]
[SourceDate "2015.03.11"]
[SourceVersion "1"]
[SourceVersionDate "2015.03.11"]
[SourceQuality "1"]

1. Nf3 d5 2. g3 c5 3. Bg2 Nc6 4. d4 e6 5. O-O Nf6 6. c4 dxc4 {The game has
been converted into one of the lines of the Open Catalan which occurs after 1.
d4 Nf6 2.c4 e6 3.Nf3 d5 4.g3 dxc4 5.Bg2 c5 6.0-0 Nc6.} 7. Qa4 Bd7 ({The other
option is to play} 7... cxd4 {But White is scoring pretty well in this line.}
8. Nxd4 Qxd4 9. Bxc6+ Bd7 10. Rd1 Qxd1+ (10... Bxc6 11. Qxc6+ bxc6 12. Rxd4 $14
) 11. Qxd1 Bxc6 12. Nd2 $14) 8. Qxc4 b5 {This move has become the main one in
this position. While it is a very active move that tries to grab more space on
the queenside, it has a clear drawback of giving White a very strong centre
with the e4 and d4 pawn duo. This features will come to light as we go deeper
into the game.} (8... cxd4 9. Nxd4 Rc8 10. Nc3 Nxd4 11. Qxd4 Bc5 12. Qh4 $14 {
This is another importat opening position. Black has played it many times but
White has always had good results.}) 9. Qd3 {The d4-pawn has to be defended.} (
9. Qc3 {allows the equalising} cxd4 10. Nxd4 Nxd4 {[%cal Gd4e2]} 11. Qxd4 Rc8
$11) 9... c4 (9... cxd4 10. Nxd4 Nxd4 11. Bxa8 $14) 10. Qd1 (10. Qc2 {is
another option. A typical line of play would go something like this} Rc8 (10...
Be7 $5 11. Ne5 Rc8 (11... Nxe5 12. dxe5 Nd5 13. Nc3 $14) 12. Rd1 O-O 13. Nc3 a6
14. Bg5 Nxe5 15. dxe5 Ng4 16. Bxe7 Qxe7 17. Qe4 $14) 11. a4 $5 {The latest
innovation of Max Illingworth in his game against Ni Hua in Jan 2015.} a6 12.
axb5 axb5 13. Bg5 Be7 14. Nc3 Qb6 (14... Nb4 15. Qd2 $14) 15. Rfd1 {And now
0-0 would have been better but Ni Hua goes wrong with} h6 $6 (15... O-O 16. Ne4
Nb4 17. Qc1 $14) 16. Bxf6 Bxf6 17. Ne4 $36 {0-1 (46) Illingworth,M (2476)-Ni,H
(2689) Sydney 2015. When White had a huge initiative.}) 10... Rc8 11. Re1 {
Angling to achieve the perfect centre with the move e4. Black doesn't really
have a way to prevent it.} Qb6 (11... Ne4 12. Nc3 $1 Nxc3 13. bxc3 $14 {
[%cal Ge2e4]}) (11... Bb4 12. Nc3 O-O 13. e4 $14 {Has been seen in games
before and it looks very promising for White.}) 12. e4 Rd8 $146 {Wojtaszek's
main idea is to attack the d4 pawn. But this regrouping with Ra8-c8-d8 doesn't
quite impress.} 13. Bg5 (13. d5 Nb4 $15) (13. a4 $1 {might have put more
pressure on Black.} a6 14. axb5 axb5 {[%csl Ga1] The rook on a1 is activated
which could prove very useful in some lines.} 15. Be3 $1 {With the threat of
d5.} Ng4 16. Bg5 f6 17. Bd2 $14 {The bishop has done it's job is creating some
chaos in Black's position.}) 13... h6 (13... Be7 {White has mainly two ideas
in such positions. To break with d4-d5 and to insert the move a4 at the right
moment.} 14. a4 (14. e5 $6 {is incorrect.} Nd5 15. Bxe7 Ncxe7 16. Ng5 O-O $15)
14... a6 15. d5 (15. axb5 axb5 16. d5 Nb4 17. d6 Qxd6 18. Qxd6 Bxd6 19. e5 Be7
20. exf6 gxf6 21. Be3 Nc2 $13) 15... Bc5 $1 (15... Nb4 16. a5 $1 Qb7 (16... Qc7
17. Bf4 $16) 17. d6 Bc6 18. e5 $14) 16. Re2 Nb4 $13) 14. Bxf6 gxf6 15. Nc3 Bc8
16. d5 {There seems to be definitely something wrong about the way in which
Black is playing this position. White is almost 100% developed. Black on the
other hand has development issues and his king is stuck in the centre. His
position might not be objectively bad but it is hanging by a thread and
difficult to play.} Bc5 (16... Nb4 $5 {was also interesting.}) 17. Qd2 Ne5 18.
Nxe5 fxe5 19. b3 $5 {Excellent move by van Wely who is trying to open up the
position as quickly as possible.} (19. Bh3 exd5 20. Bxc8 dxe4 $15) 19... cxb3
$6 (19... b4 $5 {Black could have kept the position closed with this move.} 20.
Na4 c3 21. Qe2 Qa5 22. Nxc5 Qxc5 23. a3 a5 24. axb4 axb4 $11 {And even though
White is excellently developed and has his pieces well placed, Black is doing
fine. The main reason for that is the protected passed pawn on c3.}) (19... Bd4
20. bxc4 bxc4 21. Rab1 Qa5 22. Rec1 O-O $11 {Also keeps things under control.})
20. Rab1 $1 {It's moves like these that unsettle your opponent. Objectively
this might not be the best but if the guy sitting opposite to you sees a move
that he wasn't considering it can often throw him off balance. Here Wojtaszek
must be credited for not doing anything silly and keeping the position under
control for the next few moves.} (20. axb3 {was a natural move and also
perfectly fine.}) 20... Bd4 21. Rxb3 a6 22. Nd1 {[%cal Gd1e3,Ge3g4] Van Wely
wants to get his knight from e3 to g4.} exd5 23. exd5 O-O $1 {Wojtaszek
bravely castles in spite of his broken pawn structure in front of the king. He
realises that with the bishop strongly anchored on d4 and with the queen
controlling the sixth rank he has nothing much to worry about.} 24. a4 Bd7 25.
axb5 axb5 26. Nc3 Rc8 27. Reb1 Bxc3 $6 {Maybe this was a tad premature. Things
were flowing in Black's favour and he should have tried taking advantage of it
by} (27... Qg6 $1 $15 {x-raying the c2-square.} 28. Nxb5 $2 Rc2 $1 $19) 28.
Rxc3 Rxc3 29. Qxc3 {The position is once again equal but I think difficult for
Black to play. Once again the exposed nature of the black king is the reason
for that.} Qd6 30. h4 Rc8 31. Qb2 Rb8 32. Re1 f6 (32... Re8 {It would have
been better not to weaken anything and just continue defending passively.
White doesn't really have too many ways to make progress.}) 33. Qc2 {Looking
at the weakened square on g6.} Kg7 $6 (33... f5 {was active and better.} 34.
Qc3 Re8 $11) 34. h5 $1 {clamping down on the weakness of the g6-square. f6-f5
is no longer good because the e5-pawn will be pinned against the king on g7.}
Be8 (34... f5 35. Qc3 Re8 36. f4 b4 37. Qa1 $1 $16 {[%cal Ga1a7]} (37. Qb2 $6
Qc5+ 38. Kh2 Qc3 $11)) 35. Ra1 $1 {The problem with Black's position now is
that the weaknesses are too many to defend. The bishop on e8 is defending the
g6-square, the queen on d6 is keeping the d5-pawn in check and the rook on b8
is protecting the b5-pawn. And who is going to stop the rook penetration down
the a-file?} Rd8 (35... Bxh5 36. Ra7+ $18) 36. Bh3 $1 Qb6 $2 (36... Bxh5 37.
Ra7+ $18) (36... Qe7 $1 {was relatively the best but also bad after} 37. Qe4
Bf7 38. Be6 $16 {A very nice continuation could be} b4 39. Bxf7 Qxf7 40. Ra7
Qxa7 41. Qg6+ Kh8 42. Qxf6+ Kh7 43. Qxd8 $18) (36... Qxd5 37. Ra7+ Bd7 38. Qg6+
$18) 37. Be6 $1 Bxh5 {The position is already beoynd salvation, so Wojtaszek
decides to pluck a pawn.} 38. Rc1 $2 (38. Qc6 Rd6 $14 {keeps things under
control to some extent.}) (38. Ra6 $3 {A classic deflection. This was the only
winning move but so powerful that it would have immediately ended the game.}
Qxa6 (38... Qb7 39. Rc6 $18) 39. Qc7+ Kg6 40. Qxd8 $18 {Black's king would be
mated pretty soon.}) 38... Be8 39. Qe4 h5 {Black's moves are pretty forced.
With this he controls the g4-square and prevents Qg4+.} 40. Qb4 {Threatening
Qe7+} Qd6 41. Qa5 {Now the threat is Rc7+.} Kf8 $6 (41... Kg6 {was relatively
the least evil.} 42. Qa7 (42. Rc7 Bd7 $11) 42... Qb8 (42... Bd7 43. Rc6 $18)
43. Qe3 $44) 42. Qa7 $1 {The queen threatens to go to h7 when it will be all
over for Black.} Bd7 43. Rc6 $1 Qe7 (43... Qxc6 44. dxc6 Bxe6 {was better. But
after} 45. Qc5+ Kf7 46. Qxb5 $18 {It seems highly improbable that Black will
be able to defend this position.}) 44. Rc7 Ke8 {Black is totally locked up.
Not only locked up, he is completely chained and cannot move even a limb. It
is a wonder how Van Wely let his opponent off the hook from such a position.}
45. Qa6 b4 46. Qb6 b3 47. Qxb3 {White has won the pawn and kept control.} Qd6
48. Qc2 $1 {Once again aiming at the other side of the board. The principle of
the two weaknesses would be too subtle. I think this is just the art of mating
an exposed king!} e4 {Hoping for a miracle.} (48... Bxe6 49. Qg6+ Kf8 50. Qh6+
{is the way to end the game with all the forcing moves.} Ke8 51. Qxh5+ Kf8 52.
Qh8+ Bg8 53. Qg7+ Ke8 54. Qxg8+ Qf8 55. Qe6+ Qe7 56. Qxe7#) 49. Bxd7+ {The
human way to play.} (49. Qxe4 {Would have won the game but it is extremely
difficult to see how White can win after Black takes the rook.} Qxc7 50. d6 $3
{The absolute killer move which is so difficult to find. Mainly because it is
Black to play and he can safely give a check on c1. This is usually enough for
players to stop thinking about a particular variation but here after} Qc1+ 51.
Kh2 {There is nothing that Black can do against the attack against his king.}
Kf8 52. Bd5 $3 {Any bishop retreat is fine. The check to e7 cannot really be
stopped and the queen and bishop complete their tango successfully.} (52. Qg6
Bxe6 53. Qxf6+ Bf7 54. Qxd8+ Kg7 55. d7 Qd2 $11) 52... Kg7 (52... Qd2 53. Qe7#)
(52... Re8 53. Qg6 Be6 54. Qxf6+ Kg8 55. Bxe6+ Rxe6 56. Qxe6+ Kg7 57. d7 $18)
53. Qe7+ Kg6 54. Bf7+ (54. Qxd8 $18) 54... Kg5 55. Qe4 $18 {I must agree this
was not at all easy to find but maybe this position will be used in one of the
future training books by Jacob Aagaard!}) 49... Rxd7 50. Qxe4+ Kd8 51. Rxd7+
Qxd7 52. Kh2 $18 {This endgame once again should be a piece on cake for a
player of van Wely's stature. He has a passed pawn along with that the black
pawns are weak and the white king has a pawn cover around it to shield it from
perpetual checks.} Qg4 53. f3 $2 {I wonder why van Wely didn't go into the
pawn endgame which was completely won.} (53. Qxg4 hxg4 54. Kg2 Ke7 55. f3 $1 f5
(55... gxf3+ 56. Kxf3 Kd6 57. Ke4 $18) 56. fxg4 fxg4 57. Kf2 Kd6 58. Ke3 Kxd5
59. Kf4 $18) 53... Qg5 54. Kh3 $2 {Such moves are a product of your feel and a
lack of calculation. It is possible that van Wely had already stopped
calculating and was relying on intuition to get him the full point. His
opponent's next move must have come as a rude awakening.} (54. f4 Qg4 55. d6
$18) 54... Qc1 $1 {Wojtaszek takes his chance and threatens a mate in one on
h1. Winning this position has already become complicated.} 55. f4 Qf1+ 56. Kh4
Qd1 57. f5 Qd2 58. Kh3 Qd1 59. Kh2 Qd2+ 60. Kg1 Qd1+ 61. Kg2 Qd2+ 62. Kh3 Qd1
63. d6 Qxd6 {All the advantage has dissipated.} 64. Qf3 Ke7 65. Qxh5 {Even
though White has won a pawn this position is impossible to win.} Qd5 66. Qe2+
Kf7 67. Kg4 Qd4+ 68. Kh5 Qd5 69. Qc2 Qf3+ 70. Kh4 Kg7 71. Qc7+ Kh6 72. Qc1+ Kg7
73. Qc7+ Kh6 74. Qf4+ Qxf4+ 75. gxf4 Kg7 76. Kg3 Kg8 77. Kf3 Kf7 78. Ke4 Ke8
79. Kd4 Kd8 80. Kc5 Kc7 {There is no way to get in. A heartbreaking draw for
Loek van Wely who played very imaginatively in the opening and the middlegame
but when it came to finishing off the game, he was found wanting.} 1/2-1/2

[Event "EU-chT (Men) 20th"]
[Site "Reykjavik"]
[Date "2015.11.15"]
[Round "3.1"]
[White "Eljanov, Pavel"]
[Black "Mamedyarov, Shakhriyar"]
[Result "1-0"]
[WhiteElo "2753"]
[BlackElo "2743"]
[Annotator "Sagar Shah"]
[PlyCount "91"]
[EventDate "2015.11.13"]
[EventType "team-swiss"]
[EventRounds "9"]
[EventCountry "ISL"]
[SourceTitle "CBM 170"]
[Source "ChessBase"]
[SourceDate "2016.01.15"]
[SourceVersion "1"]
[SourceVersionDate "2016.01.15"]
[SourceQuality "1"]
[WhiteTeam "Ukraine"]
[BlackTeam "Azerbaijan"]
[WhiteTeamCountry "UKR"]
[BlackTeamCountry "AZE"]

1. d4 Nf6 2. c4 e6 3. Nf3 d5 4. g3 {After Eljanov's victory in the Catalan
against Nakamura at the Candidates 2015, one thing is for sure no one can
underestimate Pavel's preparation.} dxc4 5. Bg2 a6 6. O-O Nc6 (6... b5 {
is the other move here but ...Nc6 is by far the most popular.}) 7. e3 Rb8 (7...
Bd7 {has been played quite a bit. The idea is that Black would like to defend
his knight on c6 before going b5.} 8. Qe2 b5 9. b3 $5 cxb3 10. axb3 {With an
interesting position.}) 8. Nfd2 {Now ...b5 is not possible and White wins back
the pawn on c4.} Qd7 (8... e5 {is the other option. But White is doing well
after} 9. Bxc6+ bxc6 10. dxe5 Ng4 11. Nxc4 $14) 9. Nxc4 b5 10. Ncd2 (10. Ne5
Nxe5 11. dxe5 Qxd1 12. Rxd1 Nd7 13. f4 $14 {White surely looks like he has the
better position as his knight can sit on a superb square on e4 and overall
Black lacks some space.}) 10... Be7 {The players had been following
Tukmakov-Bagirov until this point. But now Pavel decides to go his own way.}
11. Nb3 {The thing that is usually most important in this position is whether
White can establish a clamp on c5 or Black can get in that move. In fact this
is the struggle in most of the lines of the Catalan where Black has played
b7-b5.} (11. Nc3 {was seen in Tukmakov-Bagirov. The game continued:} O-O 12.
Qe2 Bb7 13. Rd1 b4 $6 14. Nce4 Nxe4 15. Bxe4 a5 16. Nc4 $14 {when White
already had a very pleasant position.}) 11... O-O 12. Nc3 Rd8 13. Qe2 {Making
space for the rook to come to d1.} a5 $5 {The bishop could go to a6 if the
queenside pawns could advance further. Black actually doesn't really have too
many problems.} 14. Rd1 (14. Nxb5 a4 $1 {A nice intermezzo.} 15. Nd2 Ba6 $19 {
simply loses a piece.}) 14... a4 15. Nc5 Qe8 (15... Bxc5 16. dxc5 {is actually
a good trade-off for Black as now there is no weakness on c-file. But here he
experiences specific difficulties as the queen is attacked and the knight on
c6 is quite loose.} Qe8 17. Rxd8 Nxd8 18. e4 $14) 16. N3e4 Nxe4 17. Nxe4 e5 $1
{That's the right decision - to break in the centre. Black cannot allow White
to just finish his development with Bd2 and Rc1.} 18. d5 Nb4 19. Nc3 Na6 {
If given a few moves Black would like to play b4, Nc5 followed by Ba6 with
complete activation of his forces. Eljanov of course fights against it.} 20. b3
$1 axb3 21. axb3 Nc5 (21... b4 22. Na4 Nc5 23. Nxc5 Bxc5 24. Qc2 $14 {is a
clearly preferable position for White.}) 22. Qc2 {The position is complex and
unbalanced. Mamedyarov has done well not to let White's advantage get out of
hand. Yet if you look closely, thanks to the d5-pawn White has a much more
pleasant position.} Bg4 23. Rd2 (23. f3 {Shutting down your own bishop is
never a good idea.}) 23... Bh5 24. Bb2 Bg6 25. e4 Bd6 26. Rdd1 Ra8 27. b4 Na6
$6 (27... Na4 $1 {was surely the need of the hour.} 28. Bf1 Nxc3 29. Bxc3 Rxa1
30. Rxa1 c6 $1 $11 {and Black is not worse.}) 28. Na2 $6 (28. Qe2 {was the
cool move. The point being that the exchange of the b4- and b5-pawns is in
White's favour as then the c7-pawn would be quite weak.} Rdb8 (28... Nxb4 29.
Nxb5 $16) (28... Bxb4 29. Nxb5 $16) 29. Bf1 $1 $16) 28... f6 (28... Nxb4 29.
Nxb4 Bxb4 30. Rxa8 Rxa8 31. Qxc7 $14) 29. h4 Qd7 (29... Nxb4 30. Nxb4 Bxb4 31.
Rxa8 Rxa8 32. Qxc7 Qd8 $11 {would have been around equal. You can see how the
previous move f6 fortified the e5-pawn and made this move possible.}) 30. Ba3
Ra7 31. Rab1 Rda8 {The oppsosition of the doubled rooks against the clumsy
white minor pieces on the a-file looks quite dangerous. Eljanov immediately
gets them out of there.} 32. Bc1 $1 {Of course on e3 the bishop will be much
better.} Nb8 33. Nc3 Na6 34. Na2 Nb8 35. Nc3 Na6 36. Qe2 $1 {With the draw
being imminent if he retreated the knight, Eljanov strikes the right plan of
getting the b5-pawn for the b4 one.} Nxb4 37. Nxb5 Ra2 38. Rd2 Ra1 39. Rdb2
R8a2 40. Rxa2 Rxb1 (40... Rxa2 41. Bb2 $16 {The queen goes to the c4-square
next.}) 41. Ra8+ Bf8 (41... Kf7 42. Nxd6+ cxd6 (42... Qxd6 43. h5 $1 Rxc1+ 44.
Kh2 Qd7 45. hxg6+ hxg6 {The position is materially equal but completely lost
for Black as his king on f7 is very weak.} 46. Qb2 $1 $18 (46. Bh3 $1 $18)) 43.
Qc4 $16 {followed by Kh2 and getting the bishop out is a clearly better
position for White.}) 42. Qc4 (42. Qf1 $3 $18 {[%cal Gg2h3,Gb5c3,Gf1c4] would
have been a nice move. It not only defends the c1 bishop but also prepares Bh3
or Nc3-Qc4. trapping the rook on b1.}) 42... Na2 43. Qxa2 Rxc1+ (43... Qxb5 44.
Qc2 Qb7 45. Rd8 $18 {[%cal Gg1h2,Gc1e3,Gg2h3,Gh3e6]}) 44. Kh2 Qxb5 45. d6+ Bf7
46. Qa3 (46. Qa3 {Mamedyarov's resignation might be a tad premature but
objectively he is lost, although it might not be quite apparent on the surface.
} c5 (46... Qc5 47. Qxc5 Rxc5 48. d7 $18) (46... cxd6 47. Qxc1 $18) (46... Rc5
47. d7 Qxd7 48. Qxc5 $18) 47. Qxc1 $18) 1-0